Evaluación técnica Económica entre Alternativas de pavimento flexibles carpeta Asfáltica y Adoquín para el tramo de Carretera Empalme Portillo el Cuá
Efectuar la evaluación técnica-económica de pavimento de carpeta asfáltica y adoquín para el tramo de carretera empalme El Portillo-El Cuá 11.59 km, el cual permita adoptar la opción más viable para su construcción; as como, el análisis de impacto ambiental.
| Main Authors: | , , |
|---|---|
| Other Authors: | |
| Format: | Tesis Section = Libro |
| Language: | Undetermined Spanish |
| Published: |
Managua
UNI
2018
|
| Subjects: |
| LEADER | 01271nam a2200289Ia 4500 | ||
|---|---|---|---|
| 008 | 240830s9999 xx 000 0 und d | ||
| 040 | |a BIBLIOTECA-RUPAP Mon 625.85 C957 | ||
| 041 | |a spa | ||
| 082 | |a Mon 625.85 C957 | ||
| 100 | 1 | |a Cruz Sánchez, María Virginia | |
| 100 | 1 | |b Barrios Pérez, Tirone José | |
| 100 | 1 | |c Salinas López, Ernesto José | |
| 245 | 1 | 0 | |a Evaluación técnica Económica entre Alternativas de pavimento flexibles carpeta Asfáltica y Adoquín para el tramo de Carretera Empalme Portillo el Cuá |
| 260 | |a Managua |b UNI |c 2018 | ||
| 300 | |a 164 p. :il. | ||
| 500 | |a Contiene: anexos y CD. | ||
| 502 | |a Tesis (Ingeniero Civil)- UNI, 2018. | ||
| 520 | 3 | |a Efectuar la evaluación técnica-económica de pavimento de carpeta asfáltica y adoquín para el tramo de carretera empalme El Portillo-El Cuá 11.59 km, el cual permita adoptar la opción más viable para su construcción; as como, el análisis de impacto ambiental. | |
| 650 | 7 | |a PAVIMENTOS | |
| 650 | 7 | |b PAVIMENTOS ASFALTOS | |
| 650 | 7 | |c CONSTRUCCIPÓN DE HORMIGÓN | |
| 650 | 7 | |d PAVIMENTOS DE HORMIGÓN | |
| 650 | 7 | |e CARRETERAS-DISEÑO Y CONSTRUCCIÓN | |
| 700 | 1 | |a Tutor: |b Morales Urbina, Israel | |
| 942 | |c BK |2 ddc | ||
| 991 | |a TESIS | ||
| 999 | |c 16074 | ||